008910000a220009700045001000031000002450068000313000041000995200568001406500028007087730057007361 aGarcés Aragón, Daniel.10aTrayectoria educativa afrocolombiana en el periodo republicano. ano.46 ( sep. - oct., 2010), p. 18-23 aEl artículo muestra la situación de la educación para los africanos y sus descendientes-hoy los afrocolombianas- en territorio de la colonia española y en lo que hoy es Colombia, llegando hasta nuestros días. Evidencia la segregación, marginación, discriminación y racismo ejercido en su contra y las gestiones realizadas para cambiar este estado de cosa. Invita a la reflexión para una transformación curricular que dé lugar al avance y consolidación en el sistema educativo a una política pública de etnoeducación afrocolombianas.14aEDUCACION INTERCULTURAL0 tRevista internacional magisterio : educación y ped